|
|
|
|
| LEADER |
01389nam a22003614a 4500 |
| 001 |
EBC3000741 |
| 003 |
MiAaPQ |
| 005 |
20200520144314.0 |
| 006 |
m o d | |
| 007 |
cr cn||||||||| |
| 008 |
010619s2002 ctua sb 001 0 eng |
| 010 |
|
|
|z 2001041798
|
| 020 |
|
|
|z 1567203876 (alk. paper)
|
| 035 |
|
|
|a (MiAaPQ)EBC3000741
|
| 035 |
|
|
|a (Au-PeEL)EBL3000741
|
| 035 |
|
|
|a (CaPaEBR)ebr10020869
|
| 035 |
|
|
|a (OCoLC)923557610
|
| 040 |
|
|
|a MiAaPQ
|c MiAaPQ
|d MiAaPQ
|
| 050 |
|
4 |
|a HF5429.27
|b .T53 2002
|
| 082 |
0 |
4 |
|a 658.4/73
|2 21
|
| 100 |
1 |
|
|a Tian, Kelly.
|
| 245 |
1 |
0 |
|a Customer fraud and business responses
|h [electronic resource] :
|b let the marketer beware /
|c Kelly Tian and Bill Keep.
|
| 260 |
|
|
|a Westport, Conn. :
|b Quorum Books,
|c 2002.
|
| 300 |
|
|
|a xvii, 251 p. :
|b ill.
|
| 504 |
|
|
|a Includes bibliographical references (p. [239]-248) and index.
|
| 533 |
|
|
|a Electronic reproduction. Ann Arbor, MI : ProQuest, 2015. Available via World Wide Web. Access may be limited to ProQuest affiliated libraries.
|
| 650 |
|
0 |
|a Retail trade
|x Security measures
|z United States.
|
| 650 |
|
0 |
|a Business losses
|z United States
|x Prevention.
|
| 650 |
|
0 |
|a Inventory shortages
|x Prevention.
|
| 655 |
|
4 |
|a Electronic books.
|
| 700 |
1 |
|
|a Keep, Bill.
|
| 710 |
2 |
|
|a ProQuest (Firm)
|
| 856 |
4 |
0 |
|u https://ebookcentral.proquest.com/lib/matrademy/detail.action?docID=3000741
|z Click to View
|